| 000 | 00818nam a2200253Ia 4500 | ||
|---|---|---|---|
| 003 | OSt | ||
| 005 | 20220925204811.0 | ||
| 006 | a|||||r|||| 00| 0 | ||
| 007 | ta | ||
| 008 | 220923b |||||||| |||| 00| 0 eng d | ||
| 020 |
_a9789351297758 _c11995.00 |
||
| 037 |
_b5934, 20/02/2019, RAJKIRAN BOOK AGENCY _cGeneral Book |
||
| 040 |
_aRTL _cRTL _beng |
||
| 041 |
_2eng _aeng |
||
| 082 | _aX7243.1, Q7.1-.3/RR | ||
| 245 | 0 | _aWORLDWIDE BUSINESS tax guide. 3 Vols. | |
| 250 | _a6th. | ||
| 260 |
_aGurgaon _bWolters Kluwer _c2017 |
||
| 490 | _v01584050: V1 (xii,1575p) | ||
| 500 | _aBibliography chapterwise; Appendix: p 355-364; Glossary: p 365-377 | ||
| 650 | _aCommerce | ||
| 942 |
_hX7243.1, Q7.1-.3/RR _cGB _2CC |
||
| 999 |
_c550452 _d550452 |
||